Migration
| Titel: | Migration : A Threat or a Chance? Recent Migration of Poles and its Impact on the Polish Labour Market |
|---|---|
| Verfasser: | |
| Beteiligt: | |
| In: |
Polish migration to the UK in the 'new' European Union, (2009), Seite 23-48, Abb., Tab. alle Artikel anzeigen |
| Veröffentlicht: | 2009 |
| Format: | Aufsatz |
| Sprache: | Englisch |
X
alg: 39257532
001A $01999:11-11-16
001B $01999:27-04-21 $t20:50:08.000
001D $01999:11-11-16
001U $0utf8
001X $00
002@ $0Aox
003@ $0392575329
007A $0392575329 $aHEB
007T $0Herdc0069227m
010@ $aeng
011@ $a2009
021A $aMigration $dA Threat or a Chance? Recent Migration of Poles and its Impact on the Polish Labour Market
028A $aFihel $dAgnieszka
028B/01 $aKaczmarczyk $dPaweł
031A $h23-48, Abb., Tab. $j2009
039B $aIn $8--Aau--. Polish migration to the UK in the 'new' European Union. - Farnham {[u.a.] : Ashgate, c 2009. - XVIII, 241 S.. - Ill., graph. Darst.. - ISBN 978-0-7546-7387-3 $x200900000000000977 $9212964321
045F $a304.609438 $eDDC23BSB
045F/01 $a304.609
045F/03 $g438
lok: 39257532 78
exp: 39257532 78 1 #EPN
201B/01 $019-04-17 $t11:22:53.000
201U/01 $0utf8
203@/01 $0788673416
208@/01 $a11-11-16 $be
209A/01 $a/ $f000 $x00
220C/01 $aTitelaufnehmer: gk;tn
220C/01 $aHerkunft: HI Marburg
244Z/01 $2Trx $#Poola $#Lenkija $#Polija $#Polen Land $#Poland $#Lengyelország $#Poľsko $#Polsko $8--Trx--Polska$gkraj $x01 $9391345966
244Z/01 $aGeschichte 2004-2008 $x02
244Z/01 $2Trx $#migratsioonid $#migracijos $#migrations $#migrációk $#migracje $#migrácie $#migrace $8--Trx--Migrationen $x03 $9391383477
244Z/01 $2Trx $#poolakad $#lenkai $#Poles population $#lengyelek nép $#Polacy $#Poliaci $#Poláci $#Lachen $#Lachowie $8--Trx--Polen$gVolk $x04 $9391382934
244Z/01 $2Trx $#integratsioonipoliitika, Euroopa $#Europos integracijos politika $#European integration $#integráció politika, európai $#polityka narodowościowa, europejska $#politika integračná európska $#politika integrační evropská $#Osterweiterung, europäische $#Europäisierung $#policy of integration, European $8--Trx--Integrationspolitik, europäische $x05 $9391382152
244Z/01 $2Trx $#tööturg $#darbo rinka $#labour market $#munkapiac $#rynek pracy $#trh práce $#trh práce $8--Trx--Arbeitsmarkt $x06 $939136510X
244Z/01 $2Trx $8--Trx--Einzelbeiträge $x07 $9391384570
245Z/01 $a08.03 $x01
247C/01 $82080>Marburg/Lahn, Herder-Institut, Forschungsbibliothek, Bibliographieportal $9336309341
| LEADER | 00000caa a22000002c 4500 | ||
|---|---|---|---|
| 001 | 392575329 | ||
| 003 | DE-603 | ||
| 005 | 20210427205008.0 | ||
| 007 | tu | ||
| 008 | 161111s2009 xx |||| | u00||u|eng c | ||
| 035 | |a (DE-599)HEB392575329 | ||
| 040 | |a DE-603 |b ger |c DE-603 |d DE-603 | ||
| 041 | |a eng | ||
| 082 | 0 | 4 | |8 1\u |a 304.609438 |q DE-101 |2 23/BSB |
| 085 | |8 1\u |b 304.609 | ||
| 085 | |8 1\u |z 2 |s 438 | ||
| 100 | 1 | |a Fihel, Agnieszka | |
| 245 | 0 | 0 | |a Migration |b A Threat or a Chance? Recent Migration of Poles and its Impact on the Polish Labour Market |
| 264 | 0 | |c 2009 | |
| 700 | 1 | |a Kaczmarczyk, Paweł | |
| 773 | 0 | 8 | |i In |t Polish migration to the UK in the 'new' European Union |d Farnham [u.a.] : Ashgate, c 2009 |h XVIII, 241 S., Ill., graph. Darst. |z 9780754673873 |g (2009), Seite 23-48, Abb., Tab. |w (DE-603)212964321 |
| 924 | 0 | |9 2080 |a (DE-603)788673416 |b DE-2080 |c HES |d d |g / | |


